000 00470nam a2200181Ia 4500
001 763
005 20260306140542.0
008 260306t1986||||xx |||||||||||||| ||spa||
041 _aESP
082 _a160
_bR68
100 _aRivetti Barbó, Francesca
_eAUT
245 0 _aL a antinomia del mentitore:
_bda peirce a tarski studi, testi, bibliografia
260 _c1986
300 _a321 páginas :
_c23 cm.
650 _aGEN
654 _aCHU
942 _cLIB
_dJUS
_fJUS
_2ddc
_n
999 _c763
_d763